Titres de chansons de Dorothée - Clic Quiz - Statistiques

Statistiques générales
  • Ce quiz a été pris 10 fois
  • Le résultat moyen est 19 sur 20
Statistiques - réponses
Hint Réponse % Correct
Qu'il est Bête
100%
Le collège des cœurs Brisés
100%
Pour faire une Chanson
100%
Chagrin D'amour
100%
Attention Danger
100%
Les neiges de L'Himalaya
100%
Allô allô monsieur L'ordinateur
100%
Nicolas et Marjolaine
100%
Hou la Menteuse
100%
Toutes les chansons du Monde
100%
Appuie sur ton Piano
100%
Toutes les guitares du Rock'n'roll
100%
Rox et Rouky
100%
Tremblement de Terre
100%
Vive les Vacances
100%
Des millions de Copains
88%
La Valise
88%
La machine Avalée
75%
Les petits Ewoks
75%
Bonheur City
63%
Aucun quiz correspondant
Distribution des résultats
% des personnes avec chaque résultat
Percentile par nombre de réponses
Votre historique - résultats
Vous n’avez pas pris ce quiz